000 00390cam a22001217a 4500
008 180718b1959 xxu||||| |||| 00| 0 eng d
082 _aB123x73 R278
100 _aReissman, Leonard
245 _aClass in American society
_cby Leonard Reissman,
260 _aLondon
_bRoutledge & Kegan Paul
_c1959
300 _a436p
650 _aSocial classes -United States.United States -Social conditions.
999 _c417579
_d417579